Statistics for M ile Başlayan Ülkeler

Click here to take the quiz!

General Stats

  • This quiz has been taken 911 times
  • The average score is 8 of 18

Answer Stats

Ülke% Correct
Macaristan
68%
Malezya
60%
Moğolistan
58%
Mali
57%
Moritanya
57%
Meksika
55%
Moldova
51%
Maldivler
50%
Madagaskar
45%
Malta
45%
Mozambik
44%
Mısır
42%
Monako
39%
Malavi
37%
Myanmar
34%
Mauritius
25%
Mikronezya Federal Devletleri
25%
Marshall Adaları
18%

Score Distribution

Percentile by Number Answered

Percent of People with Each Score

Your Score History

You have not taken this quiz